Singapore MRT Stations - Statistics

General Stats
  • This quiz has been taken 419 times
    264 since last reset
  • The average score is 117 of 174
Answer Stats
Hint Answer % Correct
EW24 / NS1 | NS1 / EW24 Jurong East
86%
DT14 / EW12 | EW12 / DT14 Bugis
85%
EW5 Bedok
84%
CG1 / DT35 | DT35 / CG1 Expo
84%
CC29 / NE1 | NE1 / CC29 Harbour Front
84%
DT32 /EW2 | EW2 / DT32 Tampines
84%
DT12 / NE7 | NE7 / DT12 Little India
82%
CE2 / NS27 / TE20 | NS27 / TE20 / CE2 | TE20 / NS27 / CE2 Marina Bay
81%
NS9 / TE2 | TE2 / NS9 Woodlands
81%
NS16 Ang Mo Kio
80%
CG2 Changi Airport
80%
DT19 / NE4 | NE4 / DT19 Chinatown
80%
CC15 / NS17 | NS17 / CC15 Bishan
79%
EW13 / NS25 | NS25 / EW13 City Hall
79%
CC1 / NS23 / NE6 | NE6 / NS24 / CC1 | NS24 / NE6 / CC1 Dhoby Ghaut
79%
EW14 / NS26 | NS26 / EW14 Raffles Place
79%
DT5 Beauty World
78%
DT1 / BP6 Bukit Panjang
78%
NS22 / TE14 | TE14 / NS22 Orchard
78%
NS13 Yishun
78%
DT11 / NS21 | NS21 / DT11 Newton
77%
EW16 | NE3 / EW16 / TE17 | TE17 / EW16 / NE3 Outram Park
77%
EW1 Pasir Ris
77%
CC19 / DT9 | DT9 / CC19 Botanic Gardens
76%
CC22 / EW21 | EW21 / CC22 Buona Vista
76%
EW25 Chinese Garden
76%
CC9 / EW8 | EW8 / CC9 Paya Lebar
76%
NE17 / PTC Punggol
76%
EW33 Tuas Link
76%
NS2 Bukit Batok
75%
CC6 Stadium
75%
EW4 / CG Tanah Merah
75%
EW23 Clementi
74%
TE1 Woodlands North
74%
NE14 Hougang
73%
EW10 Kallang
73%
CC4 / DT15 | DT15 / CC4 Promenade
73%
EW18 Redhill
73%
NE16 / STC Sengkang
73%
CC13 / NE12 | NE12 / CC13 Serangoon
73%
NS23 Somerset
73%
DT10 / TE11 | TE11 / DT10 Stevens
73%
NS15 Yio Chu Kang
73%
NS12 Canberra
71%
NS4 / BP1 Choa Chu Kang
71%
CC10 / DT26 | DT26 / CC10 MacPherson
71%
EW19 Queenstown
71%
NS19 Toa Payoh
71%
EW7 Eunos
70%
NS20 Novena
70%
CC23 one-north
70%
DT33 Tampines East
70%
EW17 / NE3 / TE17 Tiong Bahru
70%
EW27 Boon Lay
69%
CC17 / TE9 | TE9 / CC17 Caldecott
69%
DT6 King Albert Park
69%
EW11 Lavender
69%
DT7 Sixth Avenue
69%
DT8 Tan Kah Kee
69%
NS28 Marina South Pier
68%
NS11 Sembawang
68%
DT31 Tampines West
68%
DT29 Bedok North
67%
NE15 Buangkok
67%
NE8 Farrer Park
67%
EW6 Kembangan
67%
DT27 Ubi
67%
NS10 Admiralty
66%
NS3 Bukit Gombak
66%
DT2 Cashew
66%
EW22 Dover
66%
DT3 Hillview
66%
EW29 Joo Koon
66%
NS7 Kranji
66%
EW28 Pioneer
66%
EW3 Simei
66%
CE1 / DT16 | DT16 / CE1 Bayfront
65%
TE22 Gardens by the Bay
65%
TE3 Woodlands South
65%
EW9 Aljunied
64%
DT17 Downtown
64%
CC3 Esplanade
64%
CC25 Haw Par Villa
64%
NE13 Kovan
64%
EW26 Lakeside
64%
EW20 Commonwealth
63%
CC24 Kent Ridge
63%
CC14 Lorong Chuan
63%
NS8 Marsiling
63%
DT21 Bencoolen
62%
NS18 Bradell
62%
NS14 Khatib
62%
NE18 Punggol Coast
62%
EW15 Tanjong Pagar
62%
NS5 Yew Tee
62%
NE5 Clarke Quay
60%
CC20 Farrer Road
60%
EW30 Gul Circle
60%
TE6 Mayflower
60%
CC7 Mountbatten
60%
DT13 Rochor
60%
TE15 Great World
59%
CC21 Holland Village
59%
CC16 Marymount
59%
TE8 Upper Thomson
59%
DT25 Mattar
58%
CC5 Nicoll Highway
58%
NE10 Potong Pasir
58%
DT34 Upper Changi
58%
CC12 Bartley
57%
NE9 Boon Keng
57%
TE7 Bright Hill
57%
TE4 Springleaf
57%
DT20 Fort Canning
56%
DT28 Kaki Bukit
56%
CC26 Pasir Panjang
56%
CC8 Dakota
55%
TE26 Marine Parade
55%
TE18 Maxwell
55%
TE13 Orchard Boulevard
55%
DT30 Bedok Reservoir
54%
CC11 Tai Seng
54%
DT18 Telok Ayer
54%
TE30 Bedok South
53%
CC2 Bras Basah
53%
DT24 Geylang Bahru
53%
TE5 Lentor
52%
NE11 Woodleigh
52%
CC27 Labrador Park
51%
TE23 Tanjong Rhu
51%
EW31 Tuas Crescent
51%
DT23 Bendemeer
49%
DT22 Jalan Besar
49%
TE28 Siglap
49%
EW32 Tuas West Road
49%
CC28 Telok Blangah
48%
TE12 Napier
47%
TE29 Bayshore
46%
TE16 Havelock
45%
TE19 Shenton Way
44%
TE27 Marine Terrace
43%
TE25 Tanjong Katong
43%
TE24 Katong Park
40%
DT37 / TE31 | TE31 / DT37 Sungei Bedok
37%
DT36 Xilin
36%
No matching quizzes found
Score Distribution
Percent of People with Each Score
Percentile by Number Answered
Your Score History
You have not taken this quiz since the last reset